000 01161cam a2200325 a 4500
001 17466235
005 20150914124028.0
008 120918s2012 enka b 001 0 eng d
010 _a 2012406501
016 7 _a016004594
_2Uk
020 _a9780199567157 (pbk.)
020 _a0199567158
035 _a(OCoLC)ocn754720546
040 _aBTCTA
_beng
_cBTCTA
_dUKMGB
_dBDX
_dKIJ
_dYDXCP
_dYNK
_dITJCU
_dOCO
_dVP@
_dBWX
_dCDX
_dDLC
042 _alccopycat
050 0 0 _aBF575.F2
_bG226
082 0 4 _a152.4/6
100 1 _aFreeman, Daniel,
_d1971-
_919140
245 1 0 _aAnxiety :
_ba very short introduction /
_cDaniel Freeman and Jason Freeman.
260 _aOxford :
_bOxford University Press,
_c2012.
300 _axii, 155 p. :
_bill. ;
_c18 cm.
490 1 _aVery short introductions ;
_v318
504 _aIncludes bibliographical references (p. 131-148) and index.
650 0 _aAnxiety.
_919141
700 1 _aFreeman, Jason
_q(Jason Ryan)
_919142
830 0 _aVery short introductions.
_919143
906 _a7
_bcbc
_ccopycat
_d2
_encip
_f20
_gy-gencatlg
942 _2lcc
_cMONOGRAPH
999 _c123178
_d123178